Länder mit der größten Erdgasförderung - Statistiken

Allgemein
  • Dieses Quiz wurde 89 mal gespielt
  • Das Durchschnittsergebnis liegt bei 20 aus 30
Antwortstatistiken
Platz Land Förderung in Milliarden Kubikmeter pro Jahr % Korrekt
2. Russland 636
97%
1. Vereinigte Staaten 735
97%
4. Kanada 176
92%
6. China 149
90%
19. Mexiko 41
88%
27. Indien 29
86%
28. Brasilien 28
85%
9. Saudi-Arabien 111
82%
3. Iran 224
81%
29. Kasachstan 27
78%
8. Australien 114
76%
7. Norwegen 123
76%
21. Argentinien 37
75%
16. Ägypten 49
74%
4. Katar 176
74%
12. Indonesien 68
68%
26. Oman 32
67%
14. Vereinigte Arabische Emirate 60
67%
24. Pakistan 35
64%
21. Venezuela 37
63%
10. Algerien 91
61%
18. Vereinigtes Königreich 42
58%
17. Nigeria 47
53%
20. Thailand 39
49%
15. Usbekistan 53
47%
13. Turkmenistan 62
44%
11. Malaysia 78
43%
29. Bangladesch 27
32%
21. Niederlande 37
31%
25. Trinidad und Tobago 34
0%
Keine übereinstimmenden Quizze gefunden
Verteilung der Resultate
Anzahl Personen mit jedem Resultat
Perzentil nach korrekt beantworteten Fragen
Ihre Resultats-Entwicklung
Sie haben dieses Quiz noch nicht gespielt